| 000 | 00355nam a2200133Ia 4500 | ||
|---|---|---|---|
| 008 | 240624s9999 xx 000 0 und d | ||
| 041 | _aeng | ||
| 082 | _a658.4062 CON | ||
| 100 | _aO CONNOR GINA C | ||
| 245 | _aGRABBING LIGHTNING BUILDING A CAPABILITY | ||
| 260 |
_c2008 _aSan Francisco _bJossey-Bass |
||
| 300 | _axxvii, 332 p.; 23 cm. | ||
| 365 |
_c _b30 |
||
| 999 |
_c29397 _d29397 |
||